Estatísticas para Apelidos Portugueses

Clique aqui para jogar o quiz

Estatísticas Gerais

  • Esse quiz foi jogado 1 195 vezes
  • A pontuação média é 151 de 362

Estatísticas das Respostas

Apelidos% Correto
da Silva
95%
Silva
95%
90%
Sa
90%
dos Santos
85%
Santos
85%
Pereira
83%
Costa
81%
da Costa
81%
Sousa
81%
Souza
81%
Ferreira
79%
de Oliveira
77%
de Sousa
77%
Oliveira
77%
Fernandes
75%
Rodrigues
75%
Gomes
74%
Almeida
72%
Alves
72%
Carvalho
72%
de Almeida
72%
Gonçalves
72%
Martins
70%
Mendes
69%
Ribeiro
69%
Lopes
68%
Nunes
68%
Correia
66%
Dias
66%
Jesus
66%
Pinto
66%
Soares
66%
Ramos
65%
Castro
64%
Marques
64%
Cardoso
63%
Coelho
63%
Henrique
63%
Lima
62%
Teixeira
62%
Moreira
61%
Antunes
60%
Cunha
60%
Matos
60%
Cruz
59%
Moura
59%
Andrade
58%
Barros
58%
Barbosa
57%
Batista
57%
Braga
57%
Fonseca
57%
Joao
57%
Machado
57%
Monteiro
57%
Neves
57%
Pedro
57%
Rocha
57%
Tavares
57%
Branco
56%
Freitas
56%
Nogueira
56%
Pires
56%
Araújo
55%
Duarte
55%
Faria
55%
Melo
55%
Pai
55%
Azevedo
54%
Brito
54%
Figueiredo
54%
Reis
54%
Vieira
54%
Neto
53%
Rosa
53%
Amaral
52%
Campos
52%
Henriques
52%
Jose
52%
José
52%
Magalhes
52%
Morais
52%
Mota
52%
Pinheiro
52%
Simões
52%
Vale
52%
Garcia
51%
Leite
51%
Magalhães
51%
Magalhaes
51%
Tomás
51%
Abreu
50%
Amorim
50%
Francisco
50%
Miguel
50%
Mira
50%
Torres
50%
Borges
49%
Lisboa
49%
Vaz
49%
Domingues
48%
Esteves
48%
Figueira
48%
Filipe
48%
Guimarães
48%
Lourenço
48%
Macedo
48%
Matias
48%
Miranda
48%
Carneiro
47%
Leal
47%
Rebelo
47%
Afonso
46%
Guerreiro
46%
Luís
46%
Luiz
46%
Maia
46%
Paulo
46%
Sampaio
46%
Serra
46%
Vasconcelos
46%
Anjos
45%
António
45%
Jorge
45%
Loureiro
45%
Nascimento
45%
Queiroz
45%
Valente
45%
Vicente
45%
Braz
44%
Cabral
44%
Diniz
44%
Manuel
44%
Queirós
44%
Raposo
44%
Albuquerque
43%
André
43%
Bastos
43%
Carmo
43%
Castelo
43%
Chaves
43%
Coimbra
43%
Leão
43%
Pacheco
43%
Dinis
42%
Guedes
42%
Joaquim
42%
Lemos
42%
Paiva
42%
Bento
41%
Bernardes
41%
Carlos
41%
Conceição
41%
Domingos
41%
Gama
41%
Mendonça
41%
Silveira
41%
Ventura
41%
Barroso
40%
Inácio
40%
Mateus
40%
Ana
39%
Carreira
39%
Cordeiro
39%
Diogo
39%
Gaspar
39%
Gouveia
39%
Guerra
39%
Ponte
39%
Ramalho
39%
Santana
39%
Viana
39%
Xavier
39%
Aguiar
38%
Baptista
38%
Dantas
38%
Fernando
38%
Lucas
38%
Pais
38%
Pimenta
38%
Sobral
38%
Bernardo
37%
Couto
37%
Felix
37%
Fontes
37%
Franco
37%
Leitão
37%
Leitao
37%
Lobo
37%
Pinho
37%
Simão
37%
Teles
37%
França
36%
Gil
36%
Morgado
36%
Patrício
36%
Paula
36%
Salvador
36%
Alexandre
35%
Barreto
35%
Cerqueira
35%
Graça
35%
Horta
35%
Medeiros
35%
Meireles
35%
Peixoto
35%
Pontes
35%
Ricardo
35%
Alberto
34%
Amado
34%
Brandão
34%
Castanheira
34%
Coutinho
34%
Ferraz
34%
Gabriel
34%
Jardim
34%
Madeira
34%
Marinho
34%
Nobre
34%
Rafael
34%
Salgado
34%
Tomé
34%
Veloso
34%
Abrantes
33%
Amaro
33%
Botelho
33%
Caetano
33%
David
33%
Furtado
33%
Meneses
33%
Passos
33%
Pimentel
33%
Sequeira
33%
Augusto
32%
Barata
32%
Belo
32%
Freire
32%
Galvão
32%
Godinho
32%
Isabel
32%
Laranjeira
32%
Novais
32%
Pedrosa
32%
Pessoa
32%
Santiago
32%
Veiga
32%
Brites
31%
Conde
31%
Delgado
31%
Menezes
31%
Péres
31%
Quaresma
31%
Rego
31%
Sanches
31%
Serrano
31%
Silvestre
31%
Vilela
31%
Aires
30%
Bandeira
30%
Barreiros
30%
Bettencourt
30%
Caldas
30%
Catarino
30%
Cavaco
30%
Claro
30%
Espírito
30%
Gameiro
30%
Jacinto
30%
Louro
30%
Mata
30%
Maurício
30%
Meira
30%
Mesquita
30%
Roque
30%
Saraiva
30%
Seixas
30%
Trindade
30%
Agostinho
29%
Caldeira
29%
Camacho
29%
Câmara
29%
Cristina
29%
Faustino
29%
Fragoso
29%
Pascoal
29%
Pedroso
29%
Raimundo
29%
Rita
29%
Varela
29%
Cabrita
28%
Calado
28%
Ferrão
28%
Fraga
28%
Lacerda
28%
Marcelino
28%
Martinho
28%
Moniz
28%
Moutinho
28%
Novo
28%
Palma
28%
Paulino
28%
Pina
28%
Portela
28%
Quintas
28%
Rosário
28%
Viegas
28%
Bernardino
27%
Fialho
27%
Maciel
27%
Madureira
27%
Moita
27%
Parreira
27%
Prata
27%
Salgueiro
27%
Sofia
27%
Vitorino
27%
Baltazar
26%
Bessa
26%
Clemente
26%
Custódio
26%
Fidalgo
26%
Lino
26%
Malheiro
26%
Manso
26%
Narciso
26%
Noronha
26%
Osório
26%
Paixão
26%
Pestana
26%
Resende
26%
Ruivo
26%
Saldanha
26%
Seabra
26%
Semedo
26%
Valentim
26%
Vidal
26%
Aleixo
25%
Candeias
25%
Casimiro
25%
Farinha
25%
Frade
25%
Garrido
25%
Mascarenhas
25%
Nelson
25%
Romão
25%
Sarmento
25%
Vilhena
25%
Barradas
24%
Caeiro
24%
Grilo
24%
Rosado
24%
Barreira
23%
Batalha
23%
Capela
23%
Carrilho
23%
Crespo
23%
Geraldes
23%
Mestre
23%
Parente
23%
Proença
23%
Veríssimo
23%

Distribuição das Pontuações

Percentil de Números Respondidos

Porcentagem de Pessoas com Cada Pontuação

Sua Pontuação Histórica

Você não jogou esse quiz